Riconosci lo Stato - Quiz n°64 - Statistics

Statistiche generali
  • Questo quiz è stato fatto 39 volte
  • Il punteggio medio è 10 su 13
Statistiche sulle risposte
Indizio Risposta % Corretto
Iniziale della Capitale N
91%
Indipendenza dalla Comunità francese, 3 agosto 1960
88%
Valuta Franco CFA
88%
Presidente della Repubblica Abdourahamane Tchiani
85%
Fuso Orario UTC+1
85%
Superficie 1 267 000 km²
79%
Primo ministro Ali Mahaman Lamine Zeine
79%
ISU 0,400
76%
Popolazione 25 396 840 ab.
76%
Tasso di crescita 3,36%
76%
PIL (nominale) 9 095 milioni di $
76%
Forma di Governo Repubblica semipresidenziale sotto giunta militare
74%
Risposta Niger
71%
Nessun quiz corrispondente trovato
Distribuzione punteggi
Percentuale di utenti per punteggio
Percentile per numero di risposta
I tuoi punteggi nel tempo
Non hai fatto questo quiz